MARC

LEADER 00000nam0a2200000 4500
001 367504
005 20231102012005.0
035 |a (RuTPU)RU\TPU\retro\24867 
090 |a 367504 
100 |a 20220316d1979 de y0rusy50 ca 
101 0 |a rus 
102 |a UA 
105 |a a z 000zd 
200 1 |a Счастливые судьбы  |e очерк  |f А. Я. Алинин 
210 |a Киев  |c Веселка  |d 1979 
215 |a 127 с.  |c ил. 
600 1 |a Резерфорд  |g Эрнест  |b Э.  |c английский физик  |f 1871-1937  |c Нобелевский лауреат  |2 stltpush  |3 (RuTPU)RU\TPU\pers\1892 
600 1 |a Бор  |g Нильс Хедрик Давид  |b Н. Х. Д.  |c датский физик  |f 1885-1962  |2 stltpush  |3 (RuTPU)RU\TPU\pers\950 
606 1 |a Физики  |x Персоналии  |2 stltpush  |3 (RuTPU)RU\TPU\subj\67452  |9 83245 
610 1 |a ядерная физика 
610 1 |a становление 
610 1 |a 20 век 
610 1 |a выдающиеся физики 
675 |a 53(092)  |v 4 
700 1 |a Алинин  |b А. Я.  |g Александр Яковлевич 
801 1 |a RU  |b 63413507  |c 20220316 
942 |c BK